00269nam a22000977a 4500008004100000082001100041245007700052260000900129300001600138440001700154180803b xxu||||| |||| 00| 0 eng d a813.52 aNew ways of seeing: Picasso, Braque, and the Cubist RevolutioncFrench,S c1989 a1fCassette x037429021439